[Event "Martorell op-B"]
[Site "Martorell"]
[Date "1997.??.??"]
[Round "2"]
[White "Pich Molgosa, Josep"]
[Black "Humphrey Ventura, Bruce"]
[Result "0-1"]
[WhiteElo "1995"]
[BlackElo "1805"]
[PlyCount "54"]
[EventDate "1997.09.??"]
[EventType "swiss"]
[EventRounds "8"]
[EventCountry "ESP"]
[SourceTitle "EXT 2003"]
[Source "ChessBase"]
[SourceDate "2002.11.25"]
[SourceVersion "1"]
[SourceVersionDate "2002.11.25"]
[SourceQuality "1"]

1. c4 Nf6 2. Nc3 g6 3. e4 d6 4. d4 Bg7 5. f3 0-0 6. Bg5 e5 7. d5 c6 8. Nge2 Qb6 9. Qd2 cxd5 10. Bxf6 Bxf6 11. Nxd5 Qd8 12. Nxf6+ Qxf6 13. 0-0-0 Rd8 14. Nc3 Be6 15. Nb5 Nc6 16. Nxd6 Nd4 17. Qb4 b6 18. Nb5 Nxb5 19. Rxd8+ Rxd8 20. Qxb5 Qf4+ 21. Kc2 Qd2+ 22. Kb3 Qe3+ 23. Kb4 a5+ 24. Ka4 Bd7 25. b3 Bxb5+ 26. cxb5 Qc5 27. Bc4 Qb4# 0-1